National Crime Victimization Survey, 2007 (Collection Year Record-Type Files)

The National Crime Victimization Survey (NCVS) Series, previously called the National Crime Surveys (NCS), has been collecting data on personal and household victimization through an ongoing survey of a nationally-representative sample of residential addresses since 1973. The NCVS was designed with...

Full description

Saved in:  
Bibliographic Details
Corporate Author: USA. VerfasserIn (Author)
Format: Electronic Research Data Statistics
Language:English
Published: [Erscheinungsort nicht ermittelbar] [Verlag nicht ermittelbar] 2009
In:Year: 2009
Online Access: Volltext (kostenfrei)
Check availability: HBZ Gateway
Keywords:

MARC

LEADER 00000cam a22000002c 4500
001 1840054573
003 DE-627
005 20260416204249.0
007 cr uuu---uuuuu
008 230324s2009 xx |||||os 00| ||eng c
024 7 |a 10.3886/ICPSR24741.v2  |2 doi 
035 |a (DE-627)1840054573 
035 |a (DE-599)KXP1840054573 
040 |a DE-627  |b ger  |c DE-627  |e rda 
041 |a eng 
084 |a 2,1  |2 ssgn 
110 2 |a USA  |b Bureau of Justice Statistics  |e VerfasserIn  |0 (DE-588)128916-0  |0 (DE-627)102383049  |0 (DE-576)190702192  |4 aut 
245 1 0 |a National Crime Victimization Survey, 2007 (Collection Year Record-Type Files) 
264 1 |a [Erscheinungsort nicht ermittelbar]  |b [Verlag nicht ermittelbar]  |c 2009 
336 |a Text  |b txt  |2 rdacontent 
337 |a Computermedien  |b c  |2 rdamedia 
338 |a Online-Ressource  |b cr  |2 rdacarrier 
520 |a The National Crime Victimization Survey (NCVS) Series, previously called the National Crime Surveys (NCS), has been collecting data on personal and household victimization through an ongoing survey of a nationally-representative sample of residential addresses since 1973. The NCVS was designed with four primary objectives: (1) to develop detailed information about the victims and consequences of crime, (2) to estimate the number and types of crimes not reported to the police, (3) to provide uniform measures of selected types of crimes, and (4) to permit comparisons over time and types of areas. The survey categorizes crimes as "personal" or "property." Personal crimes include rape and sexual attack, robbery, aggravated and simple assault, and purse-snatching/pocket-picking, while property crimes include burglary, theft, motor vehicle theft, and vandalism. Each respondent is asked a series of screen questions designed to determine whether she or he was victimized during the six-month period preceding the first day of the month of the interview. A "household respondent" is also asked to report on crimes against the household as a whole (e.g., burglary, motor vehicle theft). The data include type of crime, month, time, and location of the crime, relationship between victim and offender, characteristics of the offender, self-protective actions taken by the victim during the incident and results of those actions, consequences of the victimization, type of property lost, whether the crime was reported to police and reasons for reporting or not reporting, and offender use of weapons, drugs, and alcohol. Basic demographic information such as age, race, gender, and income is also collected, to enable analysis of crime by various subpopulations. This version of the NCVS, referred to as the collection year, contains records from interviews conducted in the 12 months of the given year. 
540 |a ICPSR Terms of Use 
650 0 7 |0 (DE-588)4142472-4  |0 (DE-627)105612936  |0 (DE-576)209719052  |a Angriff  |2 gnd 
650 0 7 |0 (DE-588)4165428-6  |0 (DE-627)105440191  |0 (DE-576)209895322  |a Kraftfahrzeugdiebstahl  |2 gnd 
650 0 7 |0 (DE-588)4151240-6  |0 (DE-627)104339705  |0 (DE-576)209786558  |a Einbruch  |2 gnd 
650 0 7 |0 (DE-588)4062653-2  |0 (DE-627)106130862  |0 (DE-576)209145358  |a Verbrechen  |2 gnd 
650 0 7 |0 (DE-588)4058881-6  |0 (DE-627)106145592  |0 (DE-576)209128313  |a Täter  |2 gnd 
650 0 7 |0 (DE-588)4057799-5  |0 (DE-627)10614944X  |0 (DE-576)209123745  |a Straftat  |2 gnd 
650 0 7 |0 (DE-588)4134292-6  |0 (DE-627)105673706  |0 (DE-576)209651067  |a Kriminalstatistik  |2 gnd 
650 0 7 |0 (DE-588)4013794-6  |0 (DE-627)106341898  |0 (DE-576)208905626  |a Eigentumsdelikt  |2 gnd 
650 0 7 |0 (DE-588)4131408-6  |0 (DE-627)10569522X  |0 (DE-576)209627042  |a Sexualdelikt  |2 gnd 
650 0 7 |0 (DE-588)4048529-8  |0 (DE-627)106190326  |0 (DE-576)209078324  |a Raub  |2 gnd 
650 0 7 |0 (DE-588)4131924-2  |0 (DE-627)105691518  |0 (DE-576)209631333  |a Vandalismus  |2 gnd 
650 0 7 |0 (DE-588)1150881445  |0 (DE-627)101114137X  |0 (DE-576)497311828  |a Viktimisierung  |2 gnd 
650 0 7 |0 (DE-588)4078782-5  |0 (DE-627)106076329  |0 (DE-576)20921001X  |a Verbrechensopfer  |2 gnd 
650 4 |a Assault 
650 4 |a Auto Theft 
650 4 |a Burglary 
650 4 |a Crime 
650 4 |a crime costs 
650 4 |a Crime rates 
650 4 |a Crime reporting 
650 4 |a Crime Statistics 
650 4 |a Offenders 
650 4 |a Offenses 
650 4 |a Property crimes 
650 4 |a Rape 
650 4 |a reactions to crime 
650 4 |a Robbery 
650 4 |a Sexual offenses 
650 4 |a Vandalism 
650 4 |a Victimization 
650 4 |a Victims 
651 7 |0 (DE-588)4078704-7  |0 (DE-627)106076612  |0 (DE-576)209209682  |a Usa  |2 gnd 
655 7 |a Statistik  |y 2007  |z USA  |0 (DE-588)4056995-0  |0 (DE-627)106152955  |0 (DE-576)209119799  |2 gnd-content 
655 7 |a Forschungsdaten  |y 2007  |0 (DE-588)1098579690  |0 (DE-627)857755366  |0 (DE-576)469182156  |2 gnd-content 
787 0 8 |i Forschungsdaten zu  |a Rand, Michael R.  |t Alcohol and Crime: Data from 2002 to 2008  |d [Erscheinungsort nicht ermittelbar] : United States Department of Justice, Bureau of Justice Statistics, 2010  |w (DE-627)191245405X 
787 0 8 |i Forschungsdaten zu  |a Oudekerk, Barbara A.  |t Co-Offending Among Adolescents in Violent Victimizations, 2004-13  |d United States Department of Justice, Office of Justice Programs, Bureau of Justice Statistics, 2016  |w (DE-627)1912492717 
787 0 8 |i Forschungsdaten zu  |a Rand, Michael R.  |t Criminal Victimization, 2007  |d United States Department of Justice, Bureau of Justice Statistics, 2008  |w (DE-627)1912501805 
787 0 8 |i Forschungsdaten zu  |a Rand, Michael R.  |t Criminal Victimization, 2008  |d United States Department of Justice, Bureau of Justice Statistics, 2009  |w (DE-627)1912501813 
787 0 8 |i Forschungsdaten zu  |a Lauritsen, Janet Lynn  |t Economic conditions and violent victimization trends among youth: Guns, violence, and homicide, 1973-2005  |d NYU Press, 2013  |w (DE-627)1912526190 
787 0 8 |i Forschungsdaten zu  |a Phelan, Kendall  |t The Evolution of Rape Law Reform in the United States  |d [Erscheinungsort nicht ermittelbar] : Chicago School of Professional Psychology, 2019  |w (DE-627)1912544547 
787 0 8 |i Forschungsdaten zu  |a Planty, Michael  |t Female Victims of Sexual Violence, 1994-2010  |d United States Department of Justice, Office of Justice Programs, Bureau of Justice Statistics, 2013  |w (DE-627)1912558777 
787 0 8 |i Forschungsdaten zu  |a Hullenaar, Keith L.  |t Gender Interaction Effects on Reporting Assaults to the Police  |d 2021  |w (DE-627)1780482205 
787 0 8 |i Forschungsdaten zu  |a Langton, Lynn  |t Hate Crime, 2003-2009  |d United States Department of Justice, Bureau of Justice Statistics, 2011  |w (DE-627)1912570858 
787 0 8 |i Forschungsdaten zu  |a Sandholtz, Nathan  |t Hate Crime Victimization, 2003-2011  |d 2013  |w (DE-627)1912571218 
787 0 8 |i Forschungsdaten zu  |a Wilson, Meagan Meuchel  |t Hate Crime Victimization, 2004-2012 - Statistical Tables  |d [Erscheinungsort nicht ermittelbar] : United States Department of Justice, Office of Justice Programs, Bureau of Justice Statistics, 2014  |w (DE-627)1912571226 
787 0 8 |i Forschungsdaten zu  |a Masucci, Madeline  |t Hate Crime Victimization, 2004-2015  |d 2017  |w (DE-627)1912571234 
787 0 8 |i Forschungsdaten zu  |a Langton, Lynn  |t Identity Theft Reported by Households, 2007 -- Statistical Tables  |d [Erscheinungsort nicht ermittelbar] : United States Department of Justice, Bureau of Justice Statistics, 2010  |w (DE-627)1912579987 
787 0 8 |i Forschungsdaten zu  |a Vito, G. F.  |t Introduction to Criminal Justice Research Methods: An Applied Approach (2nd ed.)  |d [Erscheinungsort nicht ermittelbar] : Charles C. Thomas, 2008  |w (DE-627)1912597373 
787 0 8 |i Forschungsdaten zu  |a Truman, Jennifer L.  |t Nonfatal Domestic Violence, 2003-2012  |d United States Department of Justice, Office of Justice Programs, Bureau of Justice Statistics, 2014  |w (DE-627)1912637316 
787 0 8 |i Forschungsdaten zu  |a Truman, Jennifer L.  |t Nonfatal violence  |d John Wiley & Sons, Ltd  |w (DE-627)1912637642 
787 0 8 |i Forschungsdaten zu  |a Myers, Wesley  |t Reporting racist hate crime victimization to the police in the United States and the United Kingdom: A cross-national comparison  |d 2020  |w (DE-627)1912685574 
787 0 8 |i Forschungsdaten zu  |a Bosick, Stacey J.  |t Reporting violence to the police: Predictors through the life course  |d 2012  |w (DE-627)1912685698 
787 0 8 |i Forschungsdaten zu  |a McDevitt, Jack  |t Research Briefing: Understanding Trends in Hate Crimes Against Immigrants and Hispanic-Americans  |d [Erscheinungsort nicht ermittelbar] : Abt Associates, 2011  |w (DE-627)1912686732 
787 0 8 |i Forschungsdaten zu  |a Berg, Mark T.  |t Telling a Similar Story Twice? NCVS/UCR Convergence in Serious Violent Crime Rates in Rural, Suburban, and Urban Places (1973-2010)  |d 2016  |w (DE-627)1764276361 
787 0 8 |i Forschungsdaten zu  |a Raphael, Jody, 1944 -   |t Twenty-five years of research and advocacy on violence against women: What have we accomplished, and where do we go from here? A conversation  |d 2019  |w (DE-627)1912731320 
787 0 8 |i Forschungsdaten zu  |a Lauritsen, Janet Lynn  |t Violence and economic conditions in the United States, 1973-2011: gender, race, and ethnicity patterns in the National Crime Victimization Survey  |d 2014  |w (DE-627)1912743515 
787 0 8 |i Forschungsdaten zu  |a Rennison, Callie M.  |t Violent girls in the United States: Urban, suburban, and rural differences  |d 2018  |w (DE-627)1912744597 
787 0 8 |i Forschungsdaten zu  |a Bureau of Justice Statistics  |t Violent Victimization by Race or Ethnicity, 2005-2019  |d Bureau of Justice Statistics, 2020  |w (DE-627)1912744880 
787 0 8 |i Forschungsdaten zu  |a Harrell, Erika, 1976 -   |t Workplace Violence Against Government Employees, 1994-2011  |d United States Department of Justice, Office of Justice Programs, Bureau of Justice Statistics, 2013  |w (DE-627)1912752271 
856 4 0 |u https://doi.org/10.3886/ICPSR24741.v2  |x Resolving-System  |z kostenfrei  |3 Volltext  |7 0 
935 |a mkri 
951 |a BO 
ELC |a 1 
LOK |0 000 xxxxxcx a22 zn 4500 
LOK |0 001 4296802143 
LOK |0 003 DE-627 
LOK |0 004 1840054573 
LOK |0 005 20230324125237 
LOK |0 008 230324||||||||||||||||ger||||||| 
LOK |0 035   |a (DE-2619)ICPSR24741 
LOK |0 040   |a DE-2619  |c DE-627  |d DE-2619 
LOK |0 092   |o n 
LOK |0 852   |a DE-2619 
LOK |0 852 1  |9 00 
LOK |0 935   |a stat  |a foda  |a nacj 
LOK |0 939   |a 2023-03-24  |b l01 
OAS |a 1 
ORI |a WA-MARC-krimdoka001.raw 
TIM |a 100020070101_100020071231  |b 2007 - 2007